Návrh opatrení na zefektívnenie vychystávania a transportu dokumentácie príbalovej dokumentácie k finálnym výrobkom v spoločnosti PROTHERM PRODUCTION s.r.o.

Uložené v:
Podrobná bibliografia
Hlavný autor: Babušeková, Lucia (Autor)
Ďalší autori: Makyšová, Helena (Vedúci práce)
Médium: Rukopis Kniha
Jazyk:Slovak
Vydavateľské údaje: 2016
Predmet:
On-line prístup:http://is.stuba.sk/zp/portal_zp.pl?podrobnosti=105985
Tagy: Pridať tag
Žiadne tagy, Buďte prvý, kto otaguje tento záznam!

MARC

LEADER 00000ntm a22000003a 4500
001 stuzp56054
003 SK-STU
005 20160719154907.7
007 ta
008 150427s2015----xo-----f-mn---000-0-slo-d
040 |a STU  |b slo 
041 0 |a slo 
100 1 |a Babušeková, Lucia  |u 064000  |4 aut  |U MTF Materiálovotechnologická fakulta  |T MTF Ústav priemyselného inžinierstva a manažmentu  |X 71720  |U M4000  |Y 84  |7 71720 
242 0 1 |a Proposal measures for efficiency of the picking and transporting supply documentation to final products in the company PROTHERM PRODUCTION s.r.o.  |y eng 
245 1 0 |a Návrh opatrení na zefektívnenie vychystávania a transportu dokumentácie príbalovej dokumentácie k finálnym výrobkom v spoločnosti PROTHERM PRODUCTION s.r.o. 
260 |c 2016 
650 4 |a toky v podniku  |2 slo 
650 4 |a štíhlosť  |2 slo 
650 4 |a plytvanie  |2 slo 
650 4 |a sklad  |2 slo 
650 4 |a flows in the enterprise  |2 eng 
650 4 |a lean  |2 eng 
650 4 |a warehouse  |2 eng 
650 4 |a waste  |2 eng 
700 1 |a Makyšová, Helena  |u 064000  |k Z1  |4 ths  |U MTF Materiálovotechnologická fakulta  |T MTF Ústav priemyselného inžinierstva a manažmentu  |X 2772  |U M4000  |Y 84  |7 A000002772 
856 4 |u http://is.stuba.sk/zp/portal_zp.pl?podrobnosti=105985 
996 |c M* BP-7819  |l MMSKP  |s P  |a 0  |w stuzp56054_0001 
SQL |a stuzp56054  |b DBP  |c SLO  |d Návrh opatrení na zefektívnenie vychystávania a transportu dokumentácie príbalovej dokumentácie k finálnym výrobkom v spoločnosti PROTHERM PRODUCTION s.r.o.  |e 71720  |f Babušeková, Lucia  |g 064000  |h 2772  |i Makyšová, Helena  |j 20160621  |k 175  |l 06  |m http://is.stuba.sk/zp/portal_zp.pl?podrobnosti=105985  |n B-PMA  |o 5.2.52. priemyselné inžinierstvo